000 00569nam a2200205 i 4500
001 68567
003 ES-MaACL
005 20250815062533.0
007 t|
008 960809s1882 sp ||||1| spa d
040 _aCAM
_bspa
_cCAM
100 1 _aGascón, Juan Francisco.
_955855
245 1 0 _aElementos de geografía /
_cpor Juan Francisco Gascón.
250 _a2ª ed.
260 _aMadrid :
_b[s.n.],
_c1882 (
_fImp. de M. Romero)
300 _a68 p. ;
_c16 cm.
650 0 7 _aGeografía
_2embne
_913070
852 _aES-MaACL
_jT-409-F-7
999 _c68567
_d68567